Name every Oscar nominee for acting since 2001 - Statistics

General Stats
  • This quiz has been taken 131 times
  • The average score is 237 of 500
Answer Stats
Hint Answer % Correct
2012 | 2013 | 2014 | +2 others Bradley Cooper
85%
2008 | 2011 | 2019 Brad Pitt
85%
2004 | 2006 | 2013 | +3 others Leonardo DiCaprio
85%
2010 | 2012 | 2013 | 2015 Jennifer Lawrence
80%
2003 Jude Law
80%
2008 | 2023 Robert Downey, Jr.
80%
2017 | 2024 | 2025 Timothée Chalamet
80%
2019 Tom Hanks
80%
2002 | 2024 Adrien Brody
75%
2007 | 2016 Casey Affleck
75%
2002 Chris Cooper
75%
2010 | 2013 | 2015 | 2018 Christian Bale
75%
2001 | 2012 | 2016 | +2 others Denzel Washington
75%
2005 | 2007 | 2009 | 2011 George Clooney
75%
2017 | 2019 Margot Robbie
75%
2009 | 2015 Matt Damon
75%
2001 | 2003 | 2008 | 2025 Sean Penn
75%
2023 Cillian Murphy
70%
2004 Clint Eastwood
70%
2014 | 2016 | 2018 | +2 others Emma Stone
70%
2001 | 2014 | 2025 Ethan Hawke
70%
2003 | 2004 | 2007 Johnny Depp
70%
2002 | 2006 | 2008 | +6 others Meryl Streep
70%
2004 | 2009 Morgan Freeman
70%
2006 | 2008 | 2009 | 2021 Penélope Cruz
70%
2005 | 2008 | 2010 | +3 others Amy Adams
65%
2019 | 2020 Anthony Hopkins
65%
2023 Jodie Foster
65%
2001 | 2005 | 2006 | +2 others Judi Dench
65%
2001 Maggie Smith
65%
2010 | 2014 | 2015 | 2023 Mark Ruffalo
65%
2014 Michael Keaton
65%
2005 | 2010 | 2011 | +2 others Michelle Williams
65%
2001 | 2002 | 2010 | +2 others Nicole Kidman
65%
2012 | 2023 Robert De Niro
65%
2001 | 2006 | 2021 Will Smith
65%
2014 | 2021 Benedict Cumberbatch
60%
2004 | 2006 | 2007 | +3 others Cate Blanchett
60%
2002 Catherine Zeta-Jones
60%
2020 Chadwick Boseman
60%
2024 Demi Moore
60%
2003 Diane Keaton
60%
2001 Halle Berry
60%
2001 | 2006 | 2009 Helen Mirren
60%
2002 Jack Nicholson
60%
2007 | 2010 | 2021 Javier Bardem
60%
2011 | 2012 | 2021 Jessica Chastain
60%
2005 | 2012 | 2019 Joaquin Phoenix
60%
2019 Joe Pesci
60%
2001 | 2004 | 2006 | +2 others Kate Winslet
60%
2025 Michael B. Jordan
60%
2022 Michelle Yeoh
60%
2011 | 2016 | 2017 Octavia Spencer
60%
2005 | 2007 | 2008 | 2012 Philip Seymour Hoffman
60%
2013 Bruce Dern
55%
2009 | 2012 Christoph Waltz
55%
2002 | 2007 | 2012 | 2017 Daniel Day-Lewis
55%
2006 Eddie Murphy
55%
2023 Emily Blunt
55%
2005 Felicity Huffman
55%
2005 | 2008 Heath Ledger
55%
2012 Helen Hunt
55%
2004 Jamie Foxx
55%
2021 Jesse Plemons
55%
2002 | 2014 Julianne Moore
55%
2018 Lady Gaga
55%
2016 | 2018 Mahershala Ali
55%
2013 Matthew McConaughey
55%
2018 | 2020 | 2021 Olivia Colman
55%
2024 Ralph Fiennes
55%
2009 | 2013 Sandra Bullock
55%
2025 Stellan Skarsgård
55%
2007 | 2012 Tommy Lee Jones
55%
2008 | 2011 | 2016 | 2020 Viola Davis
55%
2009 | 2017 Woody Harrelson
55%
2019 Al Pacino
50%
2020 Andra Day
50%
2008 Angelina Jolie
50%
2022 Brendan Fraser
50%
2009 | 2011 | 2017 Christopher Plummer
50%
2022 Colin Farrell
50%
2017 | 2020 Daniel Kaluuya
50%
2002 Ed Harris
50%
2014 | 2024 Edward Norton
50%
2025 Elle Fanning
50%
2014 | 2024 Felicity Jones
50%
2010 Helena Bonham Carter
50%
2025 Jacob Elordi
50%
2005 Jake Gyllenhaal
50%
2022 Jamie Lee Curtis
50%
2011 | 2013 Jonah Hill
50%
2008 Josh Brolin
50%
2013 Julia Roberts
50%
2014 | 2019 Laura Dern
50%
2009 Maggie Gyllenhaal
50%
2011 | 2018 Melissa McCarthy
50%
2002 Michael Caine
50%
2024 Mikey Madison
50%
2002 Nicolas Cage
50%
2005 | 2018 Rachel Weisz
50%
2018 Rami Malek
50%
2006 | 2016 | 2023 Ryan Gosling
50%
2007 | 2015 | 2017 | 2019 Saoirse Ronan
50%
2014 Steve Carell
50%
2025 Teyana Taylor
50%
2025 Wagner Moura
50%
2024 Zoe Saldaña
50%
2017 Allison Janney
45%
2008 | 2012 Anne Hathaway
45%
2019 Antonio Banderas
45%
2022 Austin Butler
45%
2022 Barry Keoghan
45%
2022 Brendan Gleeson
45%
2015 Brie Larson
45%
2003 | 2005 | 2019 Charlize Theron
45%
2002 Christopher Walken
45%
2009 | 2010 Colin Firth
45%
2025 Delroy Lindo
45%
2014 | 2015 Eddie Redmayne
45%
2005 | 2017 | 2020 Frances McDormand
45%
2009 Gabourey Sidibe
45%
2011 | 2017 | 2020 Gary Oldman
45%
2006 Jennifer Hudson
45%
2021 | 2025 Jessie Buckley
45%
2025 Kate Hudson
45%
2005 | 2014 Keira Knightley
45%
2024 Kieran Culkin
45%
2021 Kirsten Dunst
45%
2009 Mo'Nique
45%
2016 Naomie Harris
45%
2004 | 2010 | 2016 Natalie Portman
45%
2005 | 2023 Paul Giamatti
45%
2001 | 2002 | 2003 | 2019 Renée Zellweger
45%
2017 | 2018 Sam Rockwell
45%
2019 Scarlett Johansson
45%
2009 Stanley Tucci
45%
2022 Stephanie Hsu
45%
2018 | 2019 Adam Driver
40%
2006 | 2012 Alan Arkin
40%
2025 Amy Madigan
40%
2022 Ana de Armas
40%
2016 | 2021 Andrew Garfield
40%
2003 | 2025 Benicio del Toro
40%
2001 | 2003 Ben Kingsley
40%
2023 | 2024 Colman Domingo
40%
2004 Don Cheadle
40%
2004 Hilary Swank
40%
2003 Holly Hunter
40%
2011 Jean Dujardin
40%
2023 Jeffrey Wright
40%
2009 | 2010 Jeremy Renner
40%
2019 Jonathan Pryce
40%
2013 June Squibb
40%
2022 Ke Huy Quan
40%
2022 Kerry Condon
40%
2020 LaKeith Stanfield
40%
2008 | 2010 Melissa Leo
40%
2008 | 2016 Michael Shannon
40%
2011 Nick Nolte
40%
2022 Paul Mescal
40%
2002 Paul Newman
40%
2018 Regina King
40%
2018 Richard E. Grant
40%
2020 Riz Ahmed
40%
2011 | 2015 Rooney Mara
40%
2012 Sally Field
40%
2013 | 2017 Sally Hawkins
40%
2024 Sebastian Stan
40%
2020 Steven Yeun
40%
2005 Terrence Howard
40%
2017 | 2018 Willem Dafoe
40%
2021 Ariana DeBose
35%
2024 Ariana Grande
35%
2009 | 2020 | 2023 Carey Mulligan
35%
2021 Ciarán Hinds
35%
2019 | 2024 Cynthia Erivo
35%
2023 Da'Vine Joy Randolph
35%
2019 Florence Pugh
35%
2011 | 2018 | 2020 Glenn Close
35%
2001 Ian McKellen
35%
2010 | 2012 Jacki Weaver
35%
2010 James Franco
35%
2013 Jared Leto
35%
2024 Jeremy Strong
35%
2010 Jesse Eisenberg
35%
2001 Jim Broadbent
35%
2014 | 2021 J.K. Simmons
35%
2002 John C. Reilly
35%
2024 Karla Sofía Gascón
35%
2021 Kodi Smit-McPhee
35%
2021 Kristen Stewart
35%
2013 Lupita Nyong'o
35%
2007 | 2014 Marion Cotillard
35%
2015 Mark Rylance
35%
2006 Mark Wahlberg
35%
2005 Matt Dillon
35%
2013 | 2015 Michael Fassbender
35%
2005 | 2014 Reese Witherspoon
35%
2008 | 2017 Richard Jenkins
35%
2025 Rose Byrne
35%
2001 Russell Crowe
35%
2020 Sacha Baron Cohen
35%
2004 Thomas Haden Church
35%
2007 Tilda Swinton
35%
2015 Tom Hardy
35%
2007 | 2016 | 2018 Viggo Mortensen
35%
2025 Wunmi Mosaku
35%
2006 Abigail Breslin
30%
2015 Alicia Vikander
30%
2020 Amanda Seyfried
30%
2004 | 2010 | 2023 Annette Bening
30%
2021 Aunjanue Ellis
30%
2013 Barkhad Abdi
30%
2011 Bérénice Bejo
30%
2022 Bill Nighy
30%
2015 Bryan Cranston
30%
2005 Catherine Keener
30%
2011 Demián Bichir
30%
2016 Dev Patel
30%
2003 | 2006 Djimon Hounsou
30%
2012 Emmanuelle Riva
30%
2006 Forest Whitaker
30%
2010 Geoffrey Rush
30%
2024 Guy Pearce
30%
2010 Hailee Steinfeld
30%
2012 Hugh Jackman
30%
2025 Inga Ibsdotter Lilleaas
30%
2009 | 2010 | 2016 Jeff Bridges
30%
2001 Jennifer Connelly
30%
2015 Jennifer Jason Leigh
30%
2010 John Hawkes
30%
2002 | 2019 Kathy Bates
30%
2017 Laurie Metcalf
30%
2020 Maria Bakalova
30%
2001 | 2008 Marisa Tomei
30%
2017 Mary J. Blige
30%
2008 Mickey Rourke
30%
2014 Patricia Arquette
30%
2015 Rachel McAdams
30%
2002 Salma Hayek
30%
2003 Samantha Morton
30%
2001 | 2007 Tom Wilkinson
30%
2009 Vera Farmiga
30%
2018 Yalitza Aparicio
30%
2020 Youn Yuh-jung
30%
2003 Alec Baldwin
25%
2022 Andrea Riseborough
25%
2022 Angela Bassett
25%
2009 Anna Kendrick
25%
2003 Bill Murray
25%
2004 Catalina Sandino Moreno
25%
2015 Charlotte Rampling
25%
2013 Chiwetel Ejiofor
25%
2004 Imelda Staunton
25%
2016 Isabelle Huppert
25%
2011 Janet McTeer
25%
2001 Jon Voight
25%
2022 Judd Hirsch
25%
2004 | 2007 Laura Linney
25%
2017 Lesley Manville
25%
2023 Lily Gladstone
25%
2018 Marina de Tavira
25%
2003 | 2012 Naomi Watts
25%
2020 Paul Raci
25%
2002 Queen Latifah
25%
2025 Renate Reinsve
25%
2003 Shohreh Aghdashloo
25%
2023 Sterling K. Brown
25%
2015 Sylvester Stallone
25%
2023 America Ferrera
20%
2023 Danielle Brooks
20%
2007 Ellen Page
20%
2008 Frank Langella
20%
2022 Hong Chau
20%
2024 Isabella Rossellini
20%
2011 Kenneth Branagh
20%
2003 Ken Watanabe
20%
2020 Leslie Odom, Jr.
20%
2016 Lucas Hedges
20%
2024 Monica Barbaro
20%
2006 Peter O'Toole
20%
2012 Quvenzhané Wallis
20%
2014 Rosamund Pike
20%
2007 Ruby Dee
20%
2016 Ruth Negga
20%
2023 Sandra Hüller
20%
2001 Sissy Spacek
20%
2008 Taraji P. Henson
20%
2003 Tim Robbins
20%
2021 Troy Kotsur
20%
2005 William Hurt
20%
2024 Yura Borisov
20%
2004 Alan Alda
15%
2007 Amy Ryan
15%
2022 Brian Tyree Henry
15%
2004 Clive Owen
15%
2002 Diane Lane
15%
2007 Julie Christie
15%
2006 Rinko Kikuchi
15%
2014 Robert Duvall
15%
2018 Sam Elliott
15%
2020 Vanessa Kirby
15%
2024 Fernanda Torres
10%
2007 Hal Holbrook
10%
2006 Jackie Earle Haley
10%
2003 Keisha Castle-Hughes
10%
2011 Max von Sydow
10%
2004 Sophie Okonedo
10%
2006 Adriana Barraza
5%
2005 David Strathairn
5%
2003 Marcia Gay Harden
5%
2003 Patricia Clarkson
5%
2004 Virginia Madsen
5%
No matching quizzes found
Score Distribution
Percent of People with Each Score
Percentile by Number Answered
Your Score History
You have not taken this quiz